| 000 | 00745nam a2200229 4500 | ||
|---|---|---|---|
| 001 | 15950 | ||
| 010 | _a9789899068872 | ||
| 021 | _b527887/24 | ||
| 090 | _a15950 | ||
| 100 | _a20240318d2024 c y0pory50030103ba | ||
| 200 | 1 |
_aBelo sobro, a história de um Semeador de Sonhos _fMafalda Bernardes da Silva, Miguel Soares _gil. Rui Gaspar |
|
| 205 | _a2ª ed | ||
| 210 | 9 |
_a[S.l.] _cAlfarroba, _d2024 |
|
| 215 |
_a35, [4] p. _cil. _d22 cm |
||
| 675 |
_a087.5 _vBN _zpor |
||
| 675 |
_a821.134.3-93"20" _vBN _zpor |
||
| 700 | 1 |
_aSilva, _bMafalda Bernardes da |
|
| 701 | 1 |
_911 _aSoares, _bMiguel |
|
| 702 | 1 |
_aGaspar, _bRui |
|
| 801 | 0 |
_aPT _bBN _gRPC |
|
| 856 | 4 | 1 | _uhttp://rnod.bnportugal.gov.pt/ImagesBN/winlibimg.aspx?skey=&doc=2161468&img=191913&save=true |
| 990 | _cLIVROS | ||